000 01414nam a2200241 a 4500
008 190822s2010 ||||||||||||||||| || u
020 _a9783642077982
050 _aQA 911 Cha
100 _aChattot, Jean-Jaques
245 1 0 _aComputational aerodynamics and fluid dynamics: an introduction
_cBy Jean-Jacques Chattot
260 _aCalifornia
_bSpringer
_c2010
300 _axi, 192 pages : illustrations
650 _aMETHEMATICAL PHYSICS
650 0 _aPHYSICS
650 _aMECHANICS
650 0 _aCOMPUTATIONAL FLUID DYNAMICS
650 _aFLUID DYNAMICS--MATHEMATICAL MODELS
995 _aMAIN LIBRARY OPEN ACCESS
_D75.70
_e749922
_FCBU-MAIN LIBRARY (Kitwe)
_jQA 911 Cha
_M4
_UAVAILABLE
_WAug 27, 2019
_y749922
_ZMain Library Open Access Collection
995 _aMAIN LIBRARY OPEN ACCESS
_D75.70
_e749925
_FCBU-MAIN LIBRARY (Kitwe)
_jQA 911 Cha
_M5
_UAVAILABLE
_WAug 27, 2019
_y749925
_ZMain Library Open Access Collection
995 _aMAIN LIBRARY OPEN ACCESS
_D75.70
_e749926
_FCBU-MAIN LIBRARY (Kitwe)
_jQA 911 Cha
_M1
_UAVAILABLE
_WAug 27, 2019
_y749926
_ZMain Library Open Access Collection
995 _aMAIN LIBRARY OPEN ACCESS
_D75.70
_e749923
_FCBU-MAIN LIBRARY (Kitwe)
_jQA 911 Cha
_M3
_UAVAILABLE
_WAug 27, 2019
_y749923
_ZMain Library Open Access Collection
995 _aMAIN LIBRARY OPEN ACCESS
_D75.70
_e749924
_FCBU-MAIN LIBRARY (Kitwe)
_jQA 911 Cha
_M2
_UAVAILABLE
_WAug 27, 2019
_y749924
_ZMain Library Open Access Collection
999 _c79633
_d79633